MARC

LEADER 00000nam0a2200000 4500
001 309262
005 20231102002155.0
020 |a RU  |b 82-13200 
035 |a (RuTPU)RU\TPU\book\334584 
090 |a 309262 
100 |a 20151111d1981 km y0rusy5003 ca 
101 0 |a rus 
102 |a UA 
105 |a a z 001zy 
200 1 |a Разработка и исследование взрывозашищенного электрооборудования  |e сборник научных трудов  |f Всесоюзный научно-исследовательский, проектно-конструкторский и технологический институт взрывозащищенного и рудничного электрооборудования (ВНИИВЭ) ; под ред. В. С. Дзюбана 
210 |a Донецк  |c Изд-во ВНИИВЭ  |d 1981 
215 |a 195 с.  |c ил. 
320 |a Библиогр. в конце ст. 
606 1 |a Электрооборудование взрывобезопасное  |2 stltpush  |3 (RuTPU)RU\TPU\subj\20611  |9 45705 
610 1 |a разработка 
610 1 |a исследование 
610 1 |a искробезопасность 
610 1 |a электрооборудование 
610 1 |a методы 
610 1 |a расчеты 
610 1 |a электрические машины 
610 1 |a трансформаторы 
610 1 |a охлаждение 
610 1 |a режимы работы 
610 1 |a надежность 
610 1 |a качество 
675 |a 621.31-2  |z rus  |v 3 
702 1 |a Дзюбан  |b В. С.  |4 340 
712 0 2 |a Всесоюзный научно-исследовательский, проектно-конструкторский и технологический институт взрывозащищенного и рудничного электрооборудования (ВНИИВЭ)  |2 stltpush  |3 (RuTPU)RU\TPU\col\8122 
801 0 |a RU  |b RuMRKP  |c 19950704  |g psbo 
801 1 |a RU  |b 63413507  |c 20151111 
801 2 |a RU  |b 63413507  |c 20190724  |g RCR 
942 |c BK